000 00620nam a22001817a 4500
999 _c187650
_d187650
005 20220427111800.0
010 _aENG-132415
020 _a9788192392707
_c2795.00
035 _aEN-115947
037 _bDBAD/PUB
082 _a615.321
100 _aSarkar, Manoj Kumar
245 _aManagement Strategies for Endemic and Threatened Medicinal Plants In India- A Geoinformatic Approach/
_bManoj Kumar Sarkar
260 _aChennai
_bDepartment of Environment
_c2012
270 _aPanagal Buildings, No. 1 Jeenis Road
_bChennai
_e600015
300 _a555p.
_c23cm(pbk)
942 _2ddc
_cEN
_h615.321
_mSAR